Možnosti uplatnění vybraných ekonomicko-matematických metod v diagnostice organizací neziskového typu (Využití metodiky AHP pro multikriteriální variantní hodnocení organizací)
Rozhodovací proces pri realizácii činnosti organizácie. Ekonomicko-matematické modelovanie procesu rozhodovania. Analytický hierarchický proces /AHP/ - používa hierarchický rozhodovací model a je založený na matematických základoch. Vo svete je najpoužívanejšou metódou k riešeniu problémov multikrit...
Na minha lista:
| Autor principal: | |
|---|---|
| Formato: | Capítulo de Livro |
| Idioma: | tcheco |
| Assuntos: | |
| Tags: |
Sem tags, seja o primeiro a adicionar uma tag!
|
MARC
| LEADER | 00000naa$a2200000$$$4500 | ||
|---|---|---|---|
| 001 | 0019850 | ||
| 005 | 20221207121831.5 | ||
| 041 | 0 | |a cze | |
| 044 | |a SK | ||
| 245 | 1 | 0 | |a Možnosti uplatnění vybraných ekonomicko-matematických metod v diagnostice organizací neziskového typu |b (Využití metodiky AHP pro multikriteriální variantní hodnocení organizací) |c Lubomír Hrbáč |
| 520 | |a Rozhodovací proces pri realizácii činnosti organizácie. Ekonomicko-matematické modelovanie procesu rozhodovania. Analytický hierarchický proces /AHP/ - používa hierarchický rozhodovací model a je založený na matematických základoch. Vo svete je najpoužívanejšou metódou k riešeniu problémov multikriteriálneho rozhodovania Definovanie a popis jeho 7 krokov v rozhodovaní. | ||
| 610 | 2 | 0 | |a organizácie neziskové |
| 610 | 2 | 0 | |a rozhodovanie |
| 610 | 2 | 0 | |a rozhodovanie viackriteriálne |
| 610 | 2 | 0 | |a metódy ekonomicko-matematické |
| 610 | 2 | 0 | |a modely ekonomicko-matematické |
| 100 | 1 | |a Hrbáč, Lubomír | |